[Event "Aragon-chT Honor Gr I"]
[Site "Aragon"]
[Date "2021.04.10"]
[Round "4.18"]
[White "Carbonel Sanchez, Andres"]
[Black "Garcia Vicente, Nieves"]
[Result "0-1"]
[WhiteElo "1940"]
[BlackElo "2156"]
[PlyCount "108"]
[EventDate "2021.03.13"]
[EventType "team-tourn"]
[EventRounds "7"]
[EventCountry "ESP"]
[SourceTitle "EXT 2024"]
[Source "ChessBase"]
[SourceDate "2023.10.10"]
[SourceVersion "1"]
[SourceVersionDate "2023.10.10"]
[SourceQuality "1"]
[WhiteTeam "Tauste"]
[BlackTeam "IberCaja"]
[WhiteTeamCountry "ESP"]
[BlackTeamCountry "ESP"]

1. e4 e5 2. Nf3 Nc6 3. c3 Nf6 4. d4 Nxe4 5. d5 Ne7 6. Nxe5 Ng6 7. Nxg6 hxg6 8. Bd3 Nc5 9. Bc2 Bd6 10. Be3 b6 11. b4 Nb7 12. g3 a5 13. b5 Be5 14. 0-0 d6 15. Re1 Kf8 16. f4 Bf6 17. Qd2 Qd7 18. a4 Qh3 19. Ra3 Bd7 20. Qf2 Re8 21. Nd2 Nc5 22. Nf3 Bf5 23. Bxc5 Rxe1+ 24. Nxe1 dxc5 25. Bxf5 Qxf5 26. Qc2 Qxd5 27. Ra1 Kg8 28. Rd1 Qe6 29. Nf3 Kh7 30. Re1 Qd5 31. Ne5 Re8 32. Rd1 Qe6 33. Re1 Qf5 34. Qe2 Bxe5 35. fxe5 Kg8 36. Qe3 Rd8 37. Rf1 Qe6 38. Qf3 Re8 39. Qf4 Rd8 40. Qg5 Rd5 41. Re1 Rd7 42. Qf4 Qf5 43. e6 fxe6 44. Qe3 Rd3 45. Qe2 Qd5 46. Qg4 Qf5 47. Qc4 Rd5 48. Rf1 Qe5 49. Qh4 Qe3+ 50. Kg2 Rd2+ 51. Kh3 Qe2 52. Rf4 Qxh2+ 53. Kg4 Qe2+ 54. Kh3 Rd1 0-1

[Event "Aragon-chT Honor Gr-II"]
[Site "Aragon"]
[Date "2020.02.01"]
[Round "2.11"]
[White "Garcia Vicente, Nieves"]
[Black "Lacruz Algarate, Alvaro"]
[Result "1/2-1/2"]
[WhiteElo "2175"]
[BlackElo "2121"]
[PlyCount "101"]
[EventDate "2020.01.25"]
[EventType "team-tourn"]
[EventRounds "7"]
[EventCountry "ESP"]
[SourceTitle "EXT 2022"]
[Source "ChessBase"]
[SourceDate "2021.10.06"]
[SourceVersion "1"]
[SourceVersionDate "2021.10.06"]
[SourceQuality "1"]
[WhiteTeam "IberCaja"]
[BlackTeam "Agrupacion"]
[WhiteTeamCountry "ESP"]
[BlackTeamCountry "ESP"]

1. d4 e6 2. c4 Nf6 3. Nc3 d5 4. Bg5 Be7 5. e3 Nbd7 6. Nf3 0-0 7. Rc1 a6 8. cxd5 exd5 9. Bd3 c6 10. Qc2 Re8 11. 0-0 Nf8 12. h3 Ne4 13. Bf4 Ng5 14. Nxg5 Bxg5 15. Bg3 Re6 16. Bf5 Rh6 17. Bxc8 Rxc8 18. Qf5 Ne6 19. b4 Be7 20. Rb1 Bd6 21. Ne2 Bxg3 22. Nxg3 Nc7 23. Qd3 Re6 24. Ne2 Nb5 25. Nf4 Re8 26. Rfc1 Qe7 27. Qd1 Nd6 28. Rb3 h6 29. a4 Qg5 30. Qh5 Re7 31. b5 axb5 32. axb5 Qxh5 33. Nxh5 g5 34. Nf6+ Kg7 35. Ng4 Nc4 36. bxc6 bxc6 37. Ra1 c5 38. dxc5 Rxc5 39. Ra6 Nd2 40. Rbb6 Rc1+ 41. Kh2 Nf1+ 42. Kg1 Nxe3+ 43. Kh2 Nf1+ 44. Kg1 Ne3+ 45. Kh2 Nxg4+ 46. hxg4 Ree1 47. Ra2 Re6 48. Rb7 Rd6 49. Kg3 Rc4 50. Rab2 Rf4 51. R2b3 1/2-1/2

[Event "ESP-ch 84th"]
[Site "Marbella"]
[Date "2019.11.19"]
[Round "4"]
[White "Garcia Vicente, Nieves"]
[Black "Larino Nieto, David"]
[Result "0-1"]
[WhiteElo "2175"]
[BlackElo "2473"]
[PlyCount "62"]
[EventDate "2019.11.16"]
[EventType "swiss"]
[EventRounds "9"]
[EventCountry "ESP"]
[SourceTitle "CBM 193 Extra"]
[Source "ChessBase"]
[SourceDate "2020.01.31"]
[SourceVersion "1"]
[SourceVersionDate "2020.01.31"]
[SourceQuality "1"]

1. d4 d6 2. Nf3 Nd7 3. c4 h6 4. Nc3 g5 5. e4 Bg7 6. Be3 e6 7. Be2 Ne7 8. d5 Ng6 9. Qd2 a6 10. 0-0-0 Nf4 11. Bf1 b5 12. Nd4 b4 13. Nce2 Nc5 14. Qc2 Qf6 15. g3 Ng6 16. f4 0-0 17. Bg2 exd5 18. fxg5 hxg5 19. Rhf1 Qe5 20. Nf5 dxc4 21. Nxg7 Qxg7 22. Bxg5 f6 23. Be3 Ne5 24. Nd4 Bg4 25. Rd2 Rab8 26. Kb1 b3 27. axb3 cxb3 28. Qc3 Qd7 29. Ne2 Bxe2 30. Rxe2 Qa4 31. Rd1 Nc4 0-1

[Event "ESP-ch 83rd"]
[Site "Linares"]
[Date "2018.08.28"]
[Round "9"]
[White "Moral Garcia, Serafin"]
[Black "Garcia Vicente, Nieves"]
[Result "1/2-1/2"]
[WhiteElo "2287"]
[BlackElo "2181"]
[PlyCount "109"]
[EventDate "2018.08.20"]
[EventType "swiss"]
[EventRounds "9"]
[EventCountry "ESP"]
[SourceTitle "CBM 186 Extra"]
[Source "ChessBase"]
[SourceDate "2018.08.24"]
[SourceVersion "1"]
[SourceVersionDate "2018.08.24"]
[SourceQuality "1"]

1. e4 e5 2. Nf3 Nc6 3. Bb5 Nf6 4. Qe2 Bc5 5. c3 0-0 6. 0-0 Re8 7. d3 a6 8. Ba4 h6 9. Be3 Bf8 10. Rd1 d5 11. h3 Bd7 12. Bb3 Be6 13. Nbd2 Qd7 14. Nf1 Rad8 15. g4 Qc8 16. Ng3 dxe4 17. dxe4 Bxb3 18. axb3 Rxd1+ 19. Rxd1 Rd8 20. Rd3 Rxd3 21. Qxd3 Qd7 22. Ne1 Qxd3 23. Nxd3 Nd7 24. Kf1 Be7 25. Ke2 Na5 26. b4 Nc4 27. Nf5 Bg5 28. Bxg5 hxg5 29. b3 Nd6 30. f3 Kf8 31. Ne3 c6 32. Nc5 Ke7 33. Kd3 f6 34. Nf5+ Nxf5 35. gxf5 Nxc5+ 36. bxc5 Kd7 37. Kc4 Kc8 38. Kb4 Kd7 39. Ka5 Kc7 40. c4 Kc8 41. Kb6 Kb8 42. b4 Kc8 43. b5 axb5 44. cxb5 cxb5 45. Kxb5 Kc7 46. Kb4 b6 47. Kb5 bxc5 48. Kxc5 Kd7 49. Kd5 Ke7 50. Kc6 Ke8 51. Kc7 Ke7 52. Kc6 Ke8 53. Kd6 Kd8 54. Ke6 Ke8 55. Kd6 1/2-1/2

[Event "ESP-ch 83rd"]
[Site "Linares"]
[Date "2018.08.22"]
[Round "3"]
[White "Aroshidze, Levan"]
[Black "Garcia Vicente, Nieves"]
[Result "1-0"]
[WhiteElo "2504"]
[BlackElo "2181"]
[PlyCount "119"]
[EventDate "2018.08.20"]
[EventType "swiss"]
[EventRounds "9"]
[EventCountry "ESP"]
[SourceTitle "CBM 186 Extra"]
[Source "ChessBase"]
[SourceDate "2018.08.24"]
[SourceVersion "1"]
[SourceVersionDate "2018.08.24"]
[SourceQuality "1"]

1. e4 e5 2. Nf3 Nc6 3. Bb5 Nf6 4. d3 Bc5 5. Bxc6 dxc6 6. Nbd2 Be6 7. 0-0 Nd7 8. Nb3 Be7 9. Na5 Rb8 10. b3 c5 11. Bb2 f6 12. Nc4 0-0 13. Ne3 Re8 14. Nh4 Nf8 15. Nhf5 Bd6 16. Kh1 Kh8 17. g3 Qd7 18. f4 Bxf5 19. Nxf5 Ne6 20. Qd2 Nd4 21. Ne3 exf4 22. gxf4 Qh3 23. Qf2 Nc6 24. Rg1 Bf8 25. Rg4 Nd4 26. Rag1 Qf3+ 27. Qxf3 Nxf3 28. R1g3 Nd4 29. Bxd4 cxd4 30. Nf5 g6 31. Nxd4 c6 32. f5 Bd6 33. fxg6 Bxg3 34. g7+ Kg8 35. Nf5 Bf4 36. Rxf4 Re5 37. Kg2 Rd8 38. Kg3 Rxf5 39. Rxf5 Kxg7 40. Kf3 Rd7 41. a4 Kg6 42. Ke3 Rd6 43. b4 a6 44. a5 Rd7 45. d4 Rd8 46. c4 Rc8 47. Kd3 Rc7 48. h4 Rc8 49. h5+ Kg7 50. d5 cxd5 51. exd5 Kf7 52. Kd4 Ke7 53. Rf4 Kf7 54. c5 Rg8 55. c6 bxc6 56. dxc6 Ke6 57. Kc5 Ke5 58. Rf1 f5 59. Re1+ Kf6 60. c7 1-0

[Event "ESP-ch (Women)"]
[Site "Linares"]
[Date "2017.08.27"]
[Round "9"]
[White "Garcia Vicente, Nieves"]
[Black "Perera Borrego, Mariela"]
[Result "1/2-1/2"]
[WhiteElo "2137"]
[BlackElo "2116"]
[PlyCount "66"]
[EventDate "2017.08.21"]
[EventType "swiss"]
[EventRounds "9"]
[EventCountry "ESP"]
[SourceTitle "CBM 180 Extra"]
[Source "ChessBase"]
[SourceDate "2017.10.06"]
[SourceVersion "1"]
[SourceVersionDate "2017.10.06"]
[SourceQuality "1"]

1. d4 e6 2. c4 Nf6 3. Nc3 Bb4 4. e3 0-0 5. Bd3 d5 6. Nf3 b6 7. 0-0 Bb7 8. cxd5 exd5 9. Qc2 a6 10. a3 Bd6 11. b4 Re8 12. Bb2 Nbd7 13. b5 a5 14. a4 Ne4 15. Ba3 Nf8 16. Qb3 Re6 17. Bxd6 Qxd6 18. Qa3 Qd8 19. Rac1 Rg6 20. Qa2 Ne6 21. Ne5 Rh6 22. Ng4 Rh4 23. f3 Qg5 24. Nf2 Nd6 25. f4 Qh6 26. h3 Nc4 27. Ng4 Rxg4 28. hxg4 Nxe3 29. g5 Qh4 30. Qf2 Qxf2+ 31. Rxf2 Nxd4 32. Ne2 Ne6 33. Rf3 d4 1/2-1/2

[Event "ESP-ch (Women)"]
[Site "Linares"]
[Date "2017.08.23"]
[Round "4"]
[White "Garcia Vicente, Nieves"]
[Black "Calzetta Ruiz, Monica"]
[Result "0-1"]
[WhiteElo "2137"]
[BlackElo "2288"]
[PlyCount "98"]
[EventDate "2017.08.21"]
[EventType "swiss"]
[EventRounds "9"]
[EventCountry "ESP"]
[SourceTitle "CBM 180 Extra"]
[Source "ChessBase"]
[SourceDate "2017.10.06"]
[SourceVersion "1"]
[SourceVersionDate "2017.10.06"]
[SourceQuality "1"]

1. d4 Nf6 2. Nf3 c5 3. e3 e6 4. Bd3 b6 5. Qe2 Bb7 6. 0-0 Nc6 7. c3 d5 8. Nbd2 Be7 9. Ne5 c4 10. Bc2 Nxe5 11. dxe5 Nd7 12. f4 b5 13. Nf3 0-0 14. Nd4 Qb6 15. Qg4 f5 16. exf6 Rxf6 17. Bd2 Nc5 18. Qe2 Raf8 19. a3 Ne4 20. Rad1 Bc5 21. Bc1 a5 22. Bd2 Kh8 23. Bxe4 dxe4 24. Kh1 Ba6 25. h3 Bd6 26. Nc2 e5 27. Qg4 Bc8 28. Qe2 h6 29. fxe5 Bxe5 30. Nd4 Bb8 31. Rxf6 Qxf6 32. Rb1 Qd6 33. g4 Qg3 34. Qg2 Rf2 35. Qxg3 Bxg3 36. Bc1 h5 37. b3 hxg4 38. hxg4 Bxg4 39. Rb2 cxb3 40. Rxf2 Bxf2 41. Nxb3 Bf3+ 42. Kh2 g5 43. Nd4 g4 44. Nf5 Kh7 45. Bd2 a4 46. Ng3 Kg6 47. Nh1 Bh4 48. Kg1 g3 49. Be1 Bxh1 0-1

[Event "ESP-chT CECLUB Honor"]
[Site "Linares"]
[Date "2017.08.15"]
[Round "2.2"]
[White "Garcia Vicente, Nieves"]
[Black "Sgircea, Silvia Raluca"]
[Result "1/2-1/2"]
[WhiteElo "2137"]
[BlackElo "2246"]
[PlyCount "138"]
[EventDate "2017.08.14"]
[EventType "team-tourn"]
[EventRounds "7"]
[EventCountry "ESP"]
[SourceTitle "CBM 180 Extra"]
[Source "ChessBase"]
[SourceDate "2017.10.06"]
[SourceVersion "1"]
[SourceVersionDate "2017.10.06"]
[SourceQuality "1"]
[WhiteTeam "Solvay"]
[BlackTeam "Equigoma Social Catolica"]
[WhiteTeamCountry "ESP"]
[BlackTeamCountry "ESP"]

1. d4 Nf6 2. c4 e6 3. Nf3 Bb4+ 4. Nbd2 0-0 5. a3 Be7 6. e3 b6 7. Bd3 d5 8. 0-0 Bb7 9. b3 Nbd7 10. Bb2 c5 11. cxd5 Nxd5 12. Qe2 Rc8 13. Rfc1 Rc7 14. Bb5 cxd4 15. Nxd4 Nb8 16. Qg4 Nf6 17. Qh3 Ba6 18. Bc4 Bxc4 19. Nxc4 Qd5 20. Qg3 Rcc8 21. Qe5 Nbd7 22. Qxd5 Nxd5 23. b4 a6 24. b5 axb5 25. Nxb5 Nc5 26. Rc2 Nb3 27. Rb1 Na5 28. Rbc1 Nb3 29. Rb1 Rc5 30. Nd4 Na5 31. Rbc1 Rfc8 32. Nxa5 Rxc2 33. Rxc2 Rxc2 34. Nxc2 bxa5 35. Kf1 Nb6 36. Ke2 Na4 37. Bd4 f6 38. Kd3 e5 39. Ba1 Nb6 40. Bc3 a4 41. Ba5 Nc8 42. Bb4 Bxb4 43. Nxb4 Nb6 44. Kc3 Kf7 45. Nd3 Ke6 46. e4 f5 47. f3 fxe4 48. fxe4 Kd6 49. Kb4 Nd7 50. Nb2 Nf6 51. Nc4+ Ke6 52. Nd2 Kd6 53. Nc4+ Ke6 54. Nd2 Kd6 55. Kb5 h6 56. Nc4+ Ke6 57. Nd2 Kd6 58. Kb4 g5 59. h3 Kc6 60. Kc4 Kd6 61. Kb5 h5 62. Kxa4 Kc5 63. Nf3 Nxe4 64. Nxe5 Kd4 65. Nf7 Kc4 66. Ka5 g4 67. hxg4 hxg4 68. Ne5+ Kb3 69. Nxg4 Kxa3 1/2-1/2

[Event "ESP-chT CECLUB Honor"]
[Site "Linares"]
[Date "2017.08.14"]
[Round "1.2"]
[White "Matnadze, Ana"]
[Black "Garcia Vicente, Nieves"]
[Result "1-0"]
[WhiteElo "2389"]
[BlackElo "2137"]
[PlyCount "87"]
[EventDate "2017.08.14"]
[EventType "team-tourn"]
[EventRounds "7"]
[EventCountry "ESP"]
[SourceTitle "CBM 180 Extra"]
[Source "ChessBase"]
[SourceDate "2017.10.06"]
[SourceVersion "1"]
[SourceVersionDate "2017.10.06"]
[SourceQuality "1"]
[WhiteTeam "Barcelona Escola Escacs"]
[BlackTeam "Solvay"]
[WhiteTeamCountry "ESP"]
[BlackTeamCountry "ESP"]

1. d4 d5 2. Nf3 Nf6 3. g3 Bf5 4. Bg2 e6 5. 0-0 Nbd7 6. c4 c6 7. Nc3 h6 8. b3 Bd6 9. Bb2 0-0 10. e3 Qe7 11. Qe2 Rfd8 12. Rfd1 Ne4 13. Nd2 Nxc3 14. Bxc3 a5 15. a4 Bc2 16. Rdc1 Bg6 17. e4 dxe4 18. Nxe4 Bb4 19. Bb2 Rac8 20. Rd1 Re8 21. f4 Rcd8 22. Nf2 Nf6 23. Nd3 Bh5 24. Bf3 Bxf3 25. Qxf3 Bd6 26. Bc3 Bc7 27. Kg2 Bb6 28. Ne5 Nd7 29. Ng4 Nf8 30. Ra2 Ng6 31. Re2 Qc7 32. Ne3 Ne7 33. Qg4 f5 34. Qh5 Kh7 35. c5 Ba7 36. Qf7 Nd5 37. Qxc7 Nxc7 38. Bxa5 Bb8 39. Nc4 Rd7 40. Nd6 Ree7 41. Rde1 b6 42. cxb6 Rxd6 43. bxc7 Bxc7 44. Bb4 1-0

[Event "Aragon-chT Preferente A"]
[Site "Aragon"]
[Date "2017.02.11"]
[Round "3.43"]
[White "Garcia Vicente, Nieves"]
[Black "Moreno Martin Viveros, Alvaro"]
[Result "0-1"]
[WhiteElo "2172"]
[BlackElo "1881"]
[PlyCount "66"]
[EventDate "2017.01.28"]
[EventType "team-tourn"]
[EventRounds "9"]
[EventCountry "ESP"]
[SourceTitle "EXT 2018"]
[Source "ChessBase"]
[SourceDate "2017.10.13"]
[SourceVersion "1"]
[SourceVersionDate "2017.10.13"]
[SourceQuality "1"]
[WhiteTeam "Barbastro"]
[BlackTeam "Agrupacion III"]
[WhiteTeamCountry "ESP"]
[BlackTeamCountry "ESP"]

1. d4 Nf6 2. c4 e6 3. Nf3 d5 4. Nc3 Be7 5. Bg5 0-0 6. e3 h6 7. Bxf6 Bxf6 8. Qd2 b6 9. 0-0-0 Bb7 10. cxd5 exd5 11. Be2 Nd7 12. Kb1 Qe7 13. h4 g6 14. Qc2 c5 15. h5 g5 16. Bd3 Rfd8 17. Bf5 Nf8 18. Rhe1 Bg7 19. Ne2 Bc8 20. Ng3 Be6 21. Ne5 Rac8 22. Qa4 Rc7 23. Bd3 Qf6 24. Rd2 Nd7 25. Nxd7 Bxd7 26. Bb5 Bc8 27. Bd3 a6 28. Qd1 Kh8 29. Bf1 cxd4 30. exd4 Qf4 31. Re3 Bg4 32. Qa4 Be6 33. a3 b5 0-1

[Event "Aragon-chT Honor GrB"]
[Site "Aragon"]
[Date "2016.02.20"]
[Round "4.30"]
[White "Ramon Perez, Jose Luis"]
[Black "Garcia Vicente, Nieves"]
[Result "1-0"]
[WhiteElo "2238"]
[BlackElo "2171"]
[PlyCount "51"]
[EventDate "2016.01.30"]
[EventType "team-tourn"]
[EventRounds "7"]
[EventCountry "ESP"]
[SourceTitle "EXT 2018"]
[Source "ChessBase"]
[SourceDate "2017.10.13"]
[SourceVersion "1"]
[SourceVersionDate "2017.10.13"]
[SourceQuality "1"]
[WhiteTeam "Agrupacion"]
[BlackTeam "Caissa Hermanos Cortes"]
[WhiteTeamCountry "ESP"]
[BlackTeamCountry "ESP"]

1. e4 e5 2. f4 exf4 3. Nf3 d6 4. d4 g5 5. g3 h6 6. Nc3 Bg7 7. gxf4 g4 8. Rg1 Nc6 9. Be3 Kf8 10. d5 Nce7 11. Nd4 Nf6 12. Qd3 a6 13. 0-0-0 h5 14. Kb1 Nd7 15. h3 Nc5 16. Qd2 b5 17. a3 Bd7 18. f5 Ng8 19. hxg4 hxg4 20. Rxg4 Nf6 21. Rxg7 Kxg7 22. e5 dxe5 23. Qg2+ Kf8 24. Nc6 Rg8 25. Bxc5+ Ke8 26. Qe2 1-0

[Event "Aragon-chT Honor GrB"]
[Site "Aragon"]
[Date "2015.02.21"]
[Round "5.30"]
[White "Martinez Cebolla, Alberto"]
[Black "Garcia Vicente, Nieves"]
[Result "0-1"]
[WhiteElo "2050"]
[BlackElo "2171"]
[PlyCount "56"]
[EventDate "2015.01.24"]
[EventType "team-tourn"]
[EventRounds "7"]
[EventCountry "ESP"]
[SourceTitle "EXT 2017"]
[Source "ChessBase"]
[SourceDate "2016.10.25"]
[SourceVersion "1"]
[SourceVersionDate "2016.10.25"]
[SourceQuality "1"]
[WhiteTeam "IberCaja"]
[BlackTeam "Caissa"]
[WhiteTeamCountry "ESP"]
[BlackTeamCountry "ESP"]

1. e4 e5 2. Nf3 Nc6 3. d4 exd4 4. Nxd4 Nf6 5. Nc3 Bb4 6. Nxc6 bxc6 7. Bd3 d5 8. exd5 cxd5 9. 0-0 0-0 10. Bg5 c6 11. Na4 h6 12. Bh4 Re8 13. c3 Bd6 14. c4 Bd7 15. c5 Be5 16. Bg3 Bxg3 17. hxg3 Ng4 18. Qd2 Qf6 19. Rfe1 Bf5 20. Bxf5 Qxf5 21. f3 Nf6 22. b4 Rab8 23. a3 Nd7 24. Nc3 Ne5 25. Ne2 Qxf3 26. Nd4 Qh5 27. Rxe5 Qxe5 28. Nxc6 Qxa1+ 0-1

[Event "Aragon-chT Honor Titulo"]
[Site "Aragon"]
[Date "2014.03.22"]
[Round "9.13"]
[White "Lana Rodriguez, David"]
[Black "Garcia Vicente, Nieves"]
[Result "1/2-1/2"]
[WhiteElo "2309"]
[BlackElo "2239"]
[PlyCount "153"]
[EventDate "2014.01.25"]
[EventType "team-tourn"]
[EventRounds "11"]
[EventCountry "ESP"]
[SourceTitle "EXT 2015"]
[Source "ChessBase"]
[SourceDate "2014.11.20"]
[SourceVersion "1"]
[SourceVersionDate "2014.11.20"]
[SourceQuality "1"]
[WhiteTeam "Helios"]
[BlackTeam "Caissa Hermanos Cortes"]
[WhiteTeamCountry "ESP"]
[BlackTeamCountry "ESP"]

1. e4 e5 2. Qh5 Nc6 3. Bc4 g6 4. Qf3 Nf6 5. Ne2 Bg7 6. h3 Na5 7. b3 Nxc4 8. bxc4 d6 9. Nbc3 0-0 10. Rb1 Ne8 11. g4 c6 12. Ng3 Nc7 13. Ba3 Ne6 14. Qd3 Nc5 15. Qe3 b6 16. d3 Ne6 17. Nce2 Nd4 18. Nxd4 exd4 19. Qd2 Re8 20. f3 d5 21. cxd5 Qxd5 22. 0-0 Qxa2 23. Ra1 Qe6 24. f4 c5 25. Qg2 Bd7 26. Bc1 Qe7 27. Bd2 a5 28. Rfb1 Ra6 29. e5 a4 30. Qb7 Bc8 31. Qc6 Bd7 32. Qd5 Qe6 33. Qb7 Bc8 34. Qc7 Qd7 35. Qxd7 Bxd7 36. Ne4 Bc6 37. Nd6 Rea8 38. c4 dxc3 39. Bxc3 Bd5 40. Nb5 Rc8 41. Ra3 Bf8 42. Nd6 Rd8 43. Nb5 Rc8 44. Kf2 Bc6 45. Raa1 Be7 46. Ke3 Bxb5 47. Rxb5 a3 48. Ra2 Rca8 49. Bd2 Kf8 50. Bc1 Ke8 51. Rb3 c4 52. dxc4 Ra4 53. Rc3 Bb4 54. Rcc2 Rd8 55. Bd2 Bxd2+ 56. Rxd2 Rxd2 57. Kxd2 Rxc4 58. Rxa3 Rxf4 59. Rb3 Re4 60. Rxb6 Rxe5 61. Rb7 h5 62. Kd3 Kf8 63. Kd4 Ra5 64. Ke4 Ra4+ 65. Kf3 Ra3+ 66. Kg2 h4 67. Rc7 Ra2+ 68. Kg1 Kg7 69. Kh1 Rf2 70. Rc6 Kh6 71. Rc5 f5 72. gxf5 Rxf5 73. Rc4 Kh5 74. Kg2 Rg5+ 75. Kh2 Rg3 76. Rc5+ Kh6 77. Rc8 1/2-1/2

[Event "Aragon-chT Honor GrA"]
[Site "Aragon"]
[Date "2014.01.25"]
[Round "1.2"]
[White "Accattato Martin, Mario"]
[Black "Garcia Vicente, Nieves"]
[Result "1/2-1/2"]
[WhiteElo "2232"]
[BlackElo "2239"]
[PlyCount "71"]
[EventDate "2014.01.25"]
[EventType "team-tourn"]
[EventRounds "7"]
[EventCountry "ESP"]
[SourceTitle "EXT 2015"]
[Source "ChessBase"]
[SourceDate "2014.11.20"]
[SourceVersion "1"]
[SourceVersionDate "2014.11.20"]
[SourceQuality "1"]
[WhiteTeam "Casino Jaque"]
[BlackTeam "Caissa Hermanos Cortes"]
[WhiteTeamCountry "ESP"]
[BlackTeamCountry "ESP"]

1. e4 e5 2. Nf3 Nc6 3. d4 exd4 4. Nxd4 Nf6 5. Nc3 Bb4 6. Nxc6 bxc6 7. Bd3 d5 8. exd5 cxd5 9. 0-0 0-0 10. h3 c6 11. Qf3 Be6 12. Ne2 Re8 13. Bf4 Bd6 14. Rfe1 Rb8 15. b3 Qc7 16. Rad1 Bxf4 17. Qxf4 Qa5 18. Nd4 Bd7 19. Rxe8+ Rxe8 20. Qd2 Qb6 21. Nf3 c5 22. Re1 Be6 23. Ng5 Rc8 24. c4 dxc4 25. Rxe6 fxe6 26. Bxc4 Re8 27. f4 g6 28. Qe3 Qd6 29. Qe5 Qxe5 30. fxe5 Nd5 31. Nxe6 Nb6 32. Nc7+ Nxc4 33. Nxe8 Nxe5 34. Nf6+ Kg7 35. Ne4 c4 36. bxc4 1/2-1/2

[Event "ESP-ch (Women)"]
[Site "Linares"]
[Date "2013.08.25"]
[Round "9"]
[White "Perera Borrego, Mariela"]
[Black "Garcia Vicente, Nieves"]
[Result "1/2-1/2"]
[WhiteElo "2062"]
[BlackElo "2227"]
[PlyCount "158"]
[EventDate "2013.08.19"]
[EventType "swiss"]
[EventRounds "9"]
[EventCountry "ESP"]
[SourceTitle "CBM 156 Extra"]
[Source "ChessBase"]
[SourceDate "2013.10.22"]
[SourceVersion "1"]
[SourceVersionDate "2013.10.22"]
[SourceQuality "1"]

1. d4 Nf6 2. Nf3 d5 3. g3 e6 4. Bg2 c5 5. 0-0 Nc6 6. a3 Bd7 7. dxc5 Bxc5 8. b4 Be7 9. Bb2 0-0 10. Qd3 Ng4 11. e4 Bf6 12. Bxf6 Qxf6 13. Nbd2 Nce5 14. Nxe5 Nxe5 15. Qb3 Bb5 16. Rfd1 Be2 17. Re1 Ng4 18. Bf3 Qd4 19. Bxg4 Bxg4 20. Qe3 Qxe3 21. Rxe3 Rac8 22. Rc1 d4 23. Rd3 e5 24. f3 Be6 25. c4 f6 26. a4 b6 27. Ra3 Rc7 28. Ra2 Rfc8 29. Rac2 Bd7 30. b5 Be6 31. Kf2 Kf7 32. Ke2 Ke7 33. Kd3 Kd6 34. Nb3 g5 35. Nd2 h5 36. a5 f5 37. axb6 axb6 38. Ra1 Rb8 39. Ra6 Bc8 40. Ra1 Bd7 41. Ra6 Bc8 42. Ra1 Bd7 43. Rca2 Be6 44. Ra8 Rxa8 45. Rxa8 Rc8 46. Ra6 Rb8 47. Ra7 Bd7 48. h4 f4 49. gxf4 gxf4 50. Nb3 Bh3 51. Rh7 Bf1+ 52. Kc2 Bxc4 53. Rh6+ Be6 54. Nd2 Rc8+ 55. Kd1 Rc5 56. Rxh5 Rxb5 57. Rh6 Rc5 58. h5 Rc8 59. Rg6 b5 60. h6 Rh8 61. Nb3 Ke7 62. Nc5 Bc4 63. Rb6 Rc8 64. h7 Rh8 65. Kd2 Kf7 66. Nd7 Rxh7 67. Nxe5+ Kg7 68. Rb7+ Kg8 69. Rb8+ Kg7 70. Rd8 Rh2+ 71. Kd1 Rh1+ 72. Kc2 Rh2+ 73. Kc1 Rh1+ 74. Kb2 Rh2+ 75. Kc1 Rh1+ 76. Kb2 Rh2+ 77. Kc1 Rh1+ 78. Kb2 Be2 79. Rh8 Kxh8 1/2-1/2

[Event "ESP-ch (Women)"]
[Site "Linares"]
[Date "2013.08.24"]
[Round "8"]
[White "Garcia Vicente, Nieves"]
[Black "Matnadze, Ana"]
[Result "1/2-1/2"]
[WhiteElo "2227"]
[BlackElo "2390"]
[PlyCount "113"]
[EventDate "2013.08.19"]
[EventType "swiss"]
[EventRounds "9"]
[EventCountry "ESP"]
[SourceTitle "CBM 156 Extra"]
[Source "ChessBase"]
[SourceDate "2013.10.22"]
[SourceVersion "1"]
[SourceVersionDate "2013.10.22"]
[SourceQuality "1"]

1. d4 Nf6 2. c4 e6 3. Nc3 Bb4 4. e3 0-0 5. Bd3 d5 6. Nf3 dxc4 7. Bxc4 c5 8. 0-0 cxd4 9. exd4 Nc6 10. Qd3 a6 11. a4 Be7 12. Rd1 Nb4 13. Qe2 b6 14. Ne5 Bb7 15. Be3 Nfd5 16. Rac1 Bg5 17. Nf3 Nxe3 18. fxe3 Bh6 19. Re1 Rc8 20. b3 Rc7 21. Rcd1 Qa8 22. e4 Rd7 23. Ne5 Rd6 24. Rf1 Qd8 25. Qf2 Qe7 26. h4 f5 27. exf5 Kh8 28. Qg3 exf5 29. Nf7+ Rxf7 30. Bxf7 Be3+ 31. Kh2 f4 32. Rxf4 Bxf4 33. Qxf4 Qf8 34. Qe5 Nc6 35. Qe8 Qxe8 36. Bxe8 Nxd4 37. Bf7 Nf5 38. Rxd6 Nxd6 39. Bd5 Bc8 40. g3 g6 41. Kg2 Kg7 42. Kf3 Kf6 43. Kf4 h6 44. Ne4+ Nxe4 45. Kxe4 g5 46. b4 a5 47. bxa5 bxa5 48. Bc6 gxh4 49. gxh4 Bf5+ 50. Kd4 Bc2 51. Be8 Ke7 52. Bb5 Kf6 53. Kc5 h5 54. Kb6 Kf5 55. Kxa5 Kg4 56. Be2+ Kxh4 57. Bxh5 1/2-1/2

[Event "ESP-ch (Women)"]
[Site "Linares"]
[Date "2013.08.20"]
[Round "3"]
[White "Garcia Vicente, Nieves"]
[Black "Vega Gutierrez, Sabrina Neide"]
[Result "0-1"]
[WhiteElo "2227"]
[BlackElo "2402"]
[PlyCount "69"]
[EventDate "2013.08.19"]
[EventType "swiss"]
[EventRounds "9"]
[EventCountry "ESP"]
[SourceTitle "CBM 156 Extra"]
[Source "ChessBase"]
[SourceDate "2013.10.22"]
[SourceVersion "1"]
[SourceVersionDate "2013.10.22"]
[SourceQuality "1"]

1. d4 d5 2. c4 dxc4 3. Nf3 Nf6 4. e3 Bg4 5. Bxc4 e6 6. h3 Bh5 7. Nc3 Nbd7 8. Be2 Bb4 9. a3 Bxc3+ 10. bxc3 c5 11. 0-0 0-0 12. Rb1 Qc7 13. Qb3 Rab8 14. Bb2 e5 15. Rfe1 e4 16. Nd2 Bxe2 17. Rxe2 Rfe8 18. c4 Re6 19. Rc1 Ne8 20. d5 Re7 21. Qc2 Nd6 22. Rce1 Rbe8 23. Qc3 Ne5 24. Ba1 Qd7 25. Kh1 Qa4 26. f4 exf3 27. gxf3 Rf8 28. Rg2 Qe8 29. f4 Ng6 30. Nf3 Ne4 31. Qc2 Nd6 32. Ne5 Ne4 33. Reg1 Kh8 34. Rh2 Nd6 35. Rgg2 0-1

[Event "ESP-ch (Women)"]
[Site "Linares"]
[Date "2013.08.19"]
[Round "2"]
[White "Alfonso Nogue, Beatriz"]
[Black "Garcia Vicente, Nieves"]
[Result "1/2-1/2"]
[WhiteElo "2085"]
[BlackElo "2227"]
[PlyCount "98"]
[EventDate "2013.08.19"]
[EventType "swiss"]
[EventRounds "9"]
[EventCountry "ESP"]
[SourceTitle "CBM 156 Extra"]
[Source "ChessBase"]
[SourceDate "2013.10.22"]
[SourceVersion "1"]
[SourceVersionDate "2013.10.22"]
[SourceQuality "1"]

1. d4 Nf6 2. c4 e6 3. Nf3 d5 4. Bg5 Bb4+ 5. Nbd2 dxc4 6. e4 Bxd2+ 7. Qxd2 Nxe4 8. Bxd8 Nxd2 9. Bxc7 Nxf3+ 10. gxf3 Nc6 11. Bxc4 Nxd4 12. 0-0-0 Nc6 13. Bd6 Bd7 14. Kb1 Ne7 15. Rhe1 Nf5 16. Bb4 0-0-0 17. Bd3 Bc6 18. Bxf5 Rxd1+ 19. Rxd1 exf5 20. f4 Rd8 21. Rxd8+ Kxd8 22. Bf8 g6 23. Kc2 Kd7 24. Bc5 a6 25. Bd4 Ke6 26. Kd3 Bb5+ 27. Ke3 f6 28. h4 h6 29. Bb6 g5 30. fxg5 fxg5 31. hxg5 hxg5 32. Bd8 f4+ 33. Kf3 Kf5 34. Kg2 Bc6+ 35. Kh2 g4 36. Bc7 Ke4 37. Kg2 Kf5+ 38. Kh2 Bf3 39. Kg1 Ke4 40. Bb8 Be2 41. Kg2 b5 42. a3 Bc4 43. Bc7 Bd5 44. Bb8 Kd3+ 45. Kh2 Ke2 46. Bxf4 Kxf2 47. Bg3+ Kf3 48. Be5 Ke4 49. Bc7 Kf3 1/2-1/2